LEADER 01612nam a2200349 a 4500 001 000000127897 003 CaOOAMICUS 005 20120307102957.0 008 120307s2006 it c u000 u ita r 020 $a88-213-0624-0 040 $aPUL$bita 082 04$a371.3 100 1 $aCerruti, Francesco.$0(OLS)http://pul/name/81665 245 10$aLettere circolari e programmi d'insegnamento :$b(1885-1917) /$cintroduzione, testi critici e note a cura di José Manuel Prellezo. 260 $aRoma :$bLAS,$c2006. 300 $a642 p., [1] c. di tav. :$britr. ;$c24 cm. 490 1 $aIstituto storico salesiano. Roma. Fonti$aSerie seconda ;$v10 490 1 $aScritti editi e inediti di salesiani ;$v10 500 $aInclude indici. 504 $aBibliografia in nota. 650 4$aAmministrazione scolastica.$0(OLS)http://pul/subject/38525 700 1 $aPrellezo, José Manuel.$0(OLS)http://pul/name/26607 830 0$aIstituto storico salesiano. Roma.$pFonti$nSerie seconda ;$v10.$0(OLS)http://pul/title/161628 830 0$aScritti editi e inediti di salesiani ;$v10.$0(OLS)http://pul/title/161629 850 $aPUL 852 $aPUL$W1$xSL Diritto e Scienze Sociali 3$y79$m371. 3 CERFR 1$j148039$qDDC 21$B146636$CPULBib$Z2$F146636 $H102766 $82 941 1 $a9 996 $6020$a88-213-0624-0$9(OLS)http://pul/number/149084 996 $6082$a371.3$9(OLS)http://pul/classification/2194 996 $6245$aLettere circolari e programmi d'insegnamento :$b(1885-1917)$9(OLS)http://pul/title/161627 996 $6260$aRoma :$bLAS$9(OLS)http://pul/publisher/48069 LEADER 02150nam a2200421 a 4500 001 000000013903 003 CaOOAMICUS 005 20130315114840.0 008 940517m19479999it u000 u ita r 035 $a10330702 040 $aPUL$bita 041 1 $aita$hger 100 1 $aHegel, Georg Wilhelm Friedrich,$d1770-1831.$0(OLS)http://pul/name/6237 240 10$aVorlesungen über die Philosophie der Geschichte.$lItaliano.$0(OLS)http://pul/title/20021 245 10$aLezioni sulla filosofia della storia /$ctradotte da Guido Calogero e Corrado Fatta. 260 $aFirenze :$bLa Nuova Italia,$c1947- 300 $av. ;$c22 cm 490 1 $aClassici della filosofia ;$v3,2 500 $aVarie ristampe: seleziona il numero dell'item per vedere la data di pubblicazione di ciascun volume. 505 0 $av. 1. La razionalità della storia -- v. 2. Il mondo orientale -- v. 3. Il mondo greco-romano -- v. 4. Il mondo germanico. 650 4$aStoria$xFilosofia.$0(OLS)http://pul/subject/497 700 1 $aCalogero, Guido,$d1904-1986.$0(OLS)http://pul/name/14319 700 1 $aFatta, Corrado.$0(OLS)http://pul/name/37390 740 32$aIl mondo orientale. 830 0$aClassici della filosofia (La Nuova Italia) ;$v3,2.$0(OLS)http://pul/title/17768 850 $aPUL 852 $aPUL$W1$xDP1 Fondo E. Rossi$y115$m1 H 17$j42793$av. 2, 3. rist. del 1975$qFondi$B152649$CPULBib$Z2$F152649 $82 852 $aPUL$W1$xDP1 Fondo Ciprotti$y59$m1545 E 6-8$j19545$nBK-PRI$b $qFondi$B19545$CPULBib$Z2$F19545 $H $81 852 $aPUL$W1$xDP1 Fondo Giannini$y60$m1561 G 5-8$j19546$nBK-PRI$b $qFondi$B19546$CPULBib$Z2$F19546 $H $81 941 1 $a1 960 $aFilosofia della storia$9497 961 $aINV: Fondo Ciprotti 961 $aINV: Fondo Giannini 961 $aSul dorso collocazione ms. di E. Rossi: H 8 3' 996 $6245$aLezioni sulla filosofia della storia$9(OLS)http://pul/title/20022 996 $6740$aIl mondo orientale$9(OLS)http://pul/title/168329 996 $6260$aFirenze :$bLa Nuova Italia$9(OLS)http://pul/publisher/48361